Nghệ thuật hội họa
v..v
Đã lưu trong:
| Tác giả chính: | |
|---|---|
| Định dạng: | Sách |
| Năm xuất bản: |
Tp.Hô Chí Minh.
Nxb Trẻ
1996
|
| Chủ đề: | |
| Tags: |
Thêm thẻ
Không có thẻ, Hãy là người đầu tiên gắn thẻ bản ghi này!
|
| LEADER | 01059nam a2200181 4500 | ||
|---|---|---|---|
| 082 | |a 750 |b CH100R | ||
| 100 | |a CHARPIER, JACQUES | ||
| 245 | |a Nghệ thuật hội họa |c Jacques Charpier, Pierre, Sesghers; Lê Thanh Lộc dịch | ||
| 260 | |a Tp.Hô Chí Minh. |b Nxb Trẻ |c 1996 | ||
| 300 | |a 467tr. |c 19cm | ||
| 520 | |a v..v | ||
| 653 | |a Nghệ thuật | ||
| 653 | |a Hội họa | ||
| 942 | |2 ddc |c STK0 | ||
| 999 | |c 4157 |d 4157 | ||
| 952 | |0 0 |1 0 |2 ddc |4 0 |6 750_000000000000000_CH100R |7 0 |8 700 |9 42080 |a qbu |b qbu |c D5 |d 2014-12-18 |g 48000 |o 750 CH100R |p 4646.c1 |r 0000-00-00 |w 2014-12-18 |y STK0 |0 0 |6 750_000000000000000_CH100R |0 0 |6 750_000000000000000_CH100R | ||
| 952 | |0 0 |1 0 |2 ddc |4 0 |6 750_000000000000000_CH100R |7 0 |8 700 |9 42081 |a qbu |b qbu |c D5 |d 2014-12-18 |g 48000 |o 750 CH100R |p 4646.c2 |r 0000-00-00 |w 2014-12-18 |y STK0 |0 0 |6 750_000000000000000_CH100R |0 0 |6 750_000000000000000_CH100R | ||
| 952 | |0 0 |1 0 |2 ddc |4 0 |6 750_000000000000000_CH100R |7 0 |8 700 |9 42082 |a qbu |b qbu |c D5 |d 2014-12-18 |g 48000 |o 750 CH100R |p 4646.c3 |r 0000-00-00 |w 2014-12-18 |y STK0 |0 0 |6 750_000000000000000_CH100R |0 0 |6 750_000000000000000_CH100R | ||